000 00719nam a2200181 a 4500
008 100119s2007 ||||||||||||||||| || u
020 _a9781844073962
050 _aS 494.5.W3 Wat
100 _aMolden, David
245 1 0 _aWater for food water for life: a comprehensive assessment of water management in agriculture
_cedited by David Molden
260 _aLondon
_bEarthscan
_c2007
300 _axvii, 645p.: ill
350 _a0.00
650 _aWATER
650 _aWATER IN AGRICULTURE
650 _aWATER-SUPPLY, AGRICULTURAL--MANAGEMENT
995 _D0.00
_FCBU-MAIN LIBRARY (Kitwe)
_H1
_I0.00
_M2
_UAVAILABLE
_WMar 10, 2010
_ZMain Library Open Access Collection
999 _c78404
_d78404